00989 a2200193 45000010006000000050017000060080041000230030015000640400040000790800072001192450045001912500012002362640052002483000023003005050420003230410008007431000020007517000024007712944420260407155604.0260407a1998 arg spa dAR-UNSa-BCEJYS aAR-UNSa-BCEJYSbspacAR-UNSa-BCEJYS a336.225xMétodo de tributación y administración de impuestos 10aIlicitos formales genericos y materiales a2a. ed. 1aBuenos Aires :bEdiciones Nueva Técnicac1998 axii, 66 p.c28 cm. aModulo I: Ilícitos formales genericos: 1. Deberes tributarios formales - 2. Concepto de ilícitos formales - 3. Incumplimiento de deberes formales (art. 39 de la L.P.T. t.o. 1998) - 4. Omisión de presentar declaraciones juradas (art. 38 de L.P.T. t.o. 1998) - 5. Jurisprudencia - ModuloII: Intereses: 6. Intereses - 7. Régimen de actualización - 8. Las actualizaciones según la ley 24.073 - La ley 24.283 aspa1 aGómez, Teresa1 aFolco, Carlos Maria